| 000 | 00401nam a22001457a 4500 | ||
|---|---|---|---|
| 008 | 250529b |||||||| |||| 00| 0 eng d | ||
| 020 | _a9780141397580 | ||
| 050 |
_aPS2112 _b.J36 2015 |
||
| 100 | _aJames Henry | ||
| 245 | _aThe Figure In The Carpet | ||
| 260 |
_aLondon _bPenguin Books _c2015 |
||
| 300 | _a55p. | ||
| 650 |
_aAmerican Fiction - History and Criticism _vIrony in literature |
||
| 942 | _cBK | ||
| 999 |
_c3719 _d3719 |
||